LIBRARY & INFORMATION CENTRE, KCAET, TAVANUR

ONLINE PUBLIC ACCESS CATALOGUE (OPAC)

Computer organization / (Record no. 2989)

MARC details
000 -LEADER
fixed length control field 00566cam a2200217ua 4500
020 ## - INTERNATIONAL STANDARD BOOK NUMBER
ISBN 0 07 114309 2
041 ## - LANGUAGE CODE
Language code of text/sound track or separate title ben
082 ## - DEWEY DECIMAL CLASSIFICATION NUMBER
Classification number 004
Item number HAM/CO
100 ## - MAIN ENTRY--AUTHOR NAME
Personal name Hamacher, Carl V. .
245 ## - TITLE STATEMENT
Title Computer organization /
250 ## - EDITION STATEMENT
Edition statement 4 /
260 ## - PUBLICATION, DISTRIBUTION, ETC. (IMPRINT)
Place of publication New York :
Name of publisher McGraw Hill Book Company ,
Year of publication 1996.
300 ## - PHYSICAL DESCRIPTION
Number of Pages 555 ; .
500 ## - GENERAL NOTE
General note 19147 CSS
700 1# - ADDED ENTRY--PERSONAL NAME
Personal name Vranesic, Zvonko G. .
700 1# - ADDED ENTRY--PERSONAL NAME
Personal name Zaky, Safawat G. .
942 ## - ADDED ENTRY ELEMENTS (KOHA)
Koha item type Books
Holdings
Withdrawn status Lost status Damaged status Home library Current library Date acquired Full call number Accession Number Koha item type
      KAUAET   07/04/2012 004 19147 Books
free website counter